| 000 | 01271cam a2200373 i 4500 | ||
|---|---|---|---|
| 001 | 17906581 | ||
| 003 | EG-ScBUE | ||
| 005 | 20240908112837.0 | ||
| 008 | 131017t2013 gw a f b 000 0 eng d | ||
| 020 | _a9783319031996 | ||
| 020 | _a3319031996 | ||
| 040 |
_aDLC _beng _erda _cDLC _dEG-ScBUE |
||
| 082 | 0 | 4 |
_222 _a511.313 _bFUZ |
| 245 | 0 | 0 |
_aFuzzy logic and applications : _b10th International Workshop, WILF 2013, Genoa, Italy, November 19-22, 2013. Proceedings / _c[edited by] Francesco Masulli, Gabriella Pasi, Ronald Yager. |
| 250 | _aFirst edition. | ||
| 264 | 1 |
_aCham : _bSpringer, _c[2013] |
|
| 264 | 4 | _cc2013 | |
| 300 |
_axi, 247 pages : _billustrations ; _c24 cm. |
||
| 336 |
_2rdacontent _atext _btxt |
||
| 337 |
_aunmediated _2rdamedia _bn |
||
| 338 |
_avolume _bnc _2rdacarrier |
||
| 490 | 0 |
_aLecture notes in artificial intelligence ; _v8256 |
|
| 504 | _aIncludes bibliographical references. | ||
| 650 | 7 |
_aFuzzy logic. _2BUEsh _941035 |
|
| 650 | 7 |
_941036 _aFuzzy systems. _2BUEsh |
|
| 650 | 7 |
_919842 _aFuzzy sets. _2BUEsh |
|
| 651 | _2BUEsh | ||
| 653 |
_bCOMSCI _cSeptember2016 |
||
| 655 | _vReading book | ||
| 700 |
_aMasulli, Francesco, _eeditor. |
||
| 700 |
_aPasi, Gabriella, _eeditor. |
||
| 700 |
_aYager, Ronald, _eeditor. |
||
| 942 |
_2ddc _cBB |
||
| 999 |
_c22313 _d22285 |
||